00668nam a2200181Ia 4500001001000000003000500010008004100015010001100056040000900067100003800076245014000114260003500254300001000289502008700299650001500386650003200401710005300433Para_1330CHAP220125s1998 xx 000 0 und d a200038 cCHAP aHernández Moreno, Victor Manuel aEvaluación de boquillas hidraúlicas para el control de malezas con herbicidas de contacto /c por Victor Manuel Hernández Moreno aChapingo, Méx. :b El autor a77 h. aTesis (Ing. Agr. Esp. en Parasitología Agrícola), UACh. Depto. Parasitología aHerbicidas aPesticidas x aplicación  aUACh. Departamento de Parasitología Agrícola